000 01010aam a2200409a 44500
008 100406s2009 cat
017 _aGI-1722-2008
020 _a9788496742888
041 _acat
080 _a316.346.3
100 _aCasanovas i Berdaguer, Jordi
_973501
245 _aPolítica de joventut: Glossari de termes
245 _cJordi Casanovas i Berdaguer
260 _aGirona
260 _bDocumenta Universitaria
260 _c2009
300 _a622 p.
_c24 cm
365 _b29.92
365 _ceuros
500 _aBibliografia
520 _a1.280
546 _acatalà
591 _a10183
592 _aObra terminològica
593 _aOF
593 _aOJ
594 _a10183
650 _ajoventut
_965280
650 _aorganització social
_969806
650 _asociologia
_960645
901 _c<2009>
902 _a100406
942 _cMO
_n0
999 _c65445
_d65445